000 00564nam a2200193Ia 4500
003 IN-BaIIA
008 211028s9999 xx 000 0 eng d
040 _cIIA Library
080 _a621.09
_bSKI
100 _aSkilling, H. H
_97288
245 0 _aElectric Transmission Lines
_cH. H. Skilling
260 _aNew York
_bMcGraw-Hill
_c1951
300 _a438p.
490 _aMcGraw-Hill Electrical and Electronic engineering series
650 _aElectric Power Transmission
_93447
650 _aElectrical Engineering
_91774
650 _aNASA Thesaurus
942 _cBK
999 _c4142
_d4142